| 000 | 00369nam a22001577a 4500 | ||
|---|---|---|---|
| 003 | OSt | ||
| 020 | _a817656706x | ||
| 040 | _c0 | ||
| 082 |
_222 _a005 |
||
| 100 | _aKanethar, Yashvant P. | ||
| 245 | _aData structures theory C / | ||
| 250 | _a2 nd. | ||
| 260 |
_aNew Dekhi, _bB PB Publications, _cc2010. |
||
| 300 |
_aviii,647 p. ; _bill. ; _c24 cm. |
||
| 942 |
_2ddc _cIT _01 |
||
| 999 |
_c4659 _d4659 |
||